| 000 | 00323nam a22001217a 4500 | ||
|---|---|---|---|
| 020 | _a9788190723756 | ||
| 082 |
_a633.85 _bNAG/OI |
||
| 100 |
_aNagaraj, G _91183 |
||
| 245 | _aOilseeds: Properties, processing, products and procedures | ||
| 260 |
_aNew Delhi _bNew India Publishing Agency _c2009 |
||
| 300 | _a602 | ||
| 942 | _cBK | ||
| 999 |
_c13741 _d13741 |
||